000 00343nam a2200145Ia 4500
005 20251222144800.0
008 251222s9999||||xx |||||||||||||| ||spa||
020 _a8424507843
082 _a700.451/R92
100 _aRueda, Ana
245 0 _aPigmalión y Galatea:
250 _a1ra.ed.
264 _bEspiral Hispano Americana
942 _cLIB
999 _c19682
_d19682